header

Christ in art (Record no. 56859)

MARC details
000 -LEADER
fixed length control field 01151nam a2200313Ia 4500
100 1# - MAIN ENTRY--AUTHOR NAME
Personal name Renan, Ernest,
245 10 - TITLE STATEMENT
Title Christ in art
260 ## - PUBLICATION, DISTRIBUTION, ETC. (IMPRINT)
Place of publication New York :
Name of publisher Parkstone International,
Year of publication c2010.
300 ## - PHYSICAL DESCRIPTION
Number of Pages 255 p. :
Other physical details col. ill.
650 #0 - SUBJECT ADDED ENTRY--TOPICAL TERM
Topical Term Christian art and symbolism.
856 40 - ELECTRONIC LOCATION AND ACCESS
Uniform Resource Identifier http://site.ebrary.com/lib/rucke/Doc?id=10621991

No items available.

© 2026 Rongo University
Contact us: librarian | system librarian | Rongo university